Normal view
MARC view
- Polasa, H;ed
Entry Personal Name
001 - CONTROL NUMBER
- control field: 7272
003 - CONTROL NUMBER IDENTIFIER
- control field: OSt
005 - DATE AND TIME OF LATEST TRANSACTION
- control field: 20250228125932.0
008 - FIXED-LENGTH DATA ELEMENTS
- fixed length control field: 250228|| aca||aabn | a|a d
040 ## - CATALOGING SOURCE
- Original cataloging agency: OSt
- Transcribing agency: OSt
100 ## - HEADING--PERSONAL NAME
- Personal name: Polasa, H;ed
670 ## - SOURCE DATA FOUND
- Source citation: Work cat.: (OSt)4778: Malik, Vedpals . 7269, Industrial bio-technology / , 1992.
